Регионална библиотека "Любен Каравелов" - Русе

Леонардо да Винчи (Запис номер 334424)

MARC детайли
000 -Лидер
Контролно поле с фиксирана дължина 01343nam a2200289 a 4500
003 - Код на организацията, давaща контролен номер
Контролно поле BLK
005 - Дата и час на последна редакция
Контролно поле 20250403165503.0
008 - Елементи от данни с фиксирана дължина
fixed length control field 190909b bu ||||| |||| 00| 0 bu d
020 ## - Международен стандартен номер на книга ISBN
Международен стандартен номер на книга ISBN 9786191514489
040 ## - Източник на каталожния запис
Идентификатор на билиотеката - собственик на записа BLK
041 ## - Код за език
Код за езика на текст/звукозапис или на отделно заглавие Български
Код за езика КДБФ Български
080 ## - УДК
Текстов определител УДК Живопис - художници
УДК код - определител по УДК 75.071.1
УДК определител (450)(092)
УДК - код + определител 75.071.1
080 ## - УДК
Текстов определител УДК Италиански архитект, изобретател, инженер, скулптор и художник от епохата на Ренесанса
УДК код - определител по УДК 929 Леонардо да Винчи
УДК - код + определител 929 Леонардо да Винчи
100 ## - Редна дума - Автор
Автор Айзаксън, Уолтър
Авторска отговорност първи автор
R(LIN) 1299
139 ## - Редно поле
Авторски знак Лео - Л 46
245 ## - Сведения за заглавието
Заглавие Леонардо да Винчи
Редно поле (дума) Уолтър Айзъксън ; прев. Марин Загорчев
260 ## - Област на издателските данни
9 (RLIN) 209582
Място на издаване, разпространение и проч. София
Име на издателя, разпространителя и проч. СофтПрес
Година на издаване 2018
Печатница [Добрич] : [Фолиарт]
300 ## - Физическа характеристика
Страници 536 с.
Илюстрации и др. с цв. ил., портр., факс.
Размери/Мащаб 24 см
380 ## - Жанр
Жанр Изкуство
500 ## - Общи забележки
Забележка Ориг. загл.: Leonardo da Vinci / Walter Isaacson <br/>За автора: с. 535 <br/>Азб. показалец
700 ## - Други автори (авторска отговорност)
Лично име Загорчев, Марин Иванов
Дати, свързани с автора 1972-
9 (RLIN) 368351
852 ## - Местоположение
Форматна сигнатура Цб 296625
942 ## - АРТИКУЛИ
Вид на библиотечния материал Книги
Скрит в OPAC Не
Периодичен библиозапис Да
Koha issues (borrowed), all copies 3
944 ## - СЪЗДАВАНЕ И РЕДАКЦИЯ на ЗАПИСА
Създаване/Редакция Създаване
Дата на регистрацията/редакция 2019-09-09
Служител, извършил регистрацията/редакцията 30542
Статус, дата на статуса Русанова Ирена
999 ## - СИСТЕМНИ КОНТРОЛНИ НОМЕРА
Koha biblionumber 334424
Koha biblioitemnumber 334424
999 ## - СИСТЕМНИ КОНТРОЛНИ НОМЕРА
Koha biblioitemnumber 334424
999 ## - СИСТЕМНИ КОНТРОЛНИ НОМЕРА
Koha biblioitemnumber 334424
Наличности
Код за отписване Код за изгубен артикул Източник на класификационната схема Код за повреда Коз за рестрикции Код за отдаване Артикулен № Име на библиотеката - собственик Име на библиотеката, в която се намира в момента Статус (Текущо местоположение) Дата на вписване в системата Местоположение - отдел Цена в лева Систематично азбучна сигнатура Баркод Цена в евро Служебен тип на артикула Инвентарен номер
  Не е изгубен Universal Decimal Classification Не е повреден само за читалня ползва се в читалня 737332 Регионална библиотека "Любен Каравелов" Русе Регионална библиотека "Любен Каравелов" Русе Хранилище 2019-09-09 Хранилище 35.00 Цб 296625 120000836163 17.90 Книги  
  Не е изгубен Universal Decimal Classification Не е повреден   заемане за дома 933417 Регионална библиотека "Любен Каравелов" Русе Регионална библиотека "Любен Каравелов" Русе Отдел Изкуство - подръчен фонд 2023-09-14 Отдел Изкуство - подръчен фонд 35.00 75(092)/Л 46 120000892585 17.90 Книги 120000892585
Vip Innovations Ltd, Rousse, Bulgaria 2025